A first look at communication theory
Αποθηκεύτηκε σε:
| Κύριος συγγραφέας: | |
|---|---|
| Μορφή: | Βιβλίο |
| Γλώσσα: | English |
| Δημοσίευση: |
Boston :
McGraw-Hill,
2006
|
| Έκδοση: | 6th ed. |
| Θέματα: | |
| Ετικέτες: |
Προσθήκη ετικέτας
Δεν υπάρχουν, Καταχωρήστε ετικέτα πρώτοι!
|
MARC
| LEADER | 00000cam a2200000 i 4500 | ||
|---|---|---|---|
| 001 | 1/65701 | ||
| 008 | 071203s2006 eng d | ||
| 020 | |a 978-0-07-301018-2 (cdrom) | ||
| 020 | |a 0-07-301018-9 | ||
| 020 | |a 0-07-301020-0 | ||
| 020 | |a 978-007-127053-3 | ||
| 035 | |l 10092758 | ||
| 040 | |a GR-MY-UA |b gre |e aacr | ||
| 041 | 0 | |a eng | |
| 082 | 0 | |a 302.201 |2 (22) | |
| 100 | 1 | |a Griffin, Emory A. | |
| 245 | 1 | 2 | |a A first look at communication theory / |c EM Griffin ; special consultant, Glen McClish |
| 250 | |a 6th ed. | ||
| 260 | |a Boston : |b McGraw-Hill, |c 2006 | ||
| 300 | |a xx, 526 σ., [61] σ.; |b εικ.; |c 24 εκ.+ |e 2 οπτικές δισκέτες λέϊζερ Η/Υ (4 3/4/ ίν.) | ||
| 500 | |a Συνοδευτικό υλικό - Απαιτήσεις συστήματος: Windows: Windows 98SE, ME, XP Home and Professional; 32 MB or more available RAM; Pentium II, 200 MHz or faster; CD-ROM drive 16x or faster; sVGA color monitor running at least 256 colors and a resolution of 800x600; SoundBlaster or compatible sound card; external speakers or headphones recommended; QuickTime 6.x, Macintosh: OS 9.2, 10.2 or later; 32 MB available RAM; G3 processor or faster; CD-ROM drive 16x or faster; color monitor running at least 256 colors and a resolution of 800x600; external peakers or headphones recommended; QuickTime 6.x | ||
| 500 | |a Το παράρτημα βιβλιοθήκης Ρόδου έχει την έβδομη έκδοση | ||
| 504 | |a Περιέχει βιβλιογραφικές παραπομπές (σ. e-1 έως e-24) και ευρετήριο | ||
| 650 | 0 | 0 | |a Communication |x Philosophy. |
| 700 | 1 | |a McClish, Glen Arthur. |4 oth | |
| 852 | |a INST |b LESVOS |e 20071203 |h 302.201 GRI |p 005100041039 |q 005100041039 |t BK |y 0 |z ??? | ||
| 852 | |a INST |b LESVOS |e 20071203 |h 302.201 GRI |p 005100041039 |q 005100041039 |t BK |v (Unknown.)???: |y 0 |z ??? | ||
| 852 | |a INST |b LESVOS |e 20071203 |h 302.201 GRI |p 005100041040 |q 005100041040 |t BK |v disc.1: |y 0 |z disc.1 | ||
| 852 | |a INST |b LESVOS |e 20071203 |h 302.201 GRI |p 005100041069 |q 005100041069 |t BK |v disc.2: |y 0 |z disc.2 | ||
| 852 | |a INST |b RHODES |e 20111026 |h 302.201 GRI |p 005400033760 |q 005400033760 |t BK |y 0 |z ??? | ||
| 852 | |a INST |b RHODES |e 20111026 |h 302.201 GRI |p 005400033760 |q 005400033760 |t BK |v (Unknown.)???: |y 0 |z ??? | ||
| 853 | |a INST |b LESVOS |h 302.201 GRI | ||
| 853 | |a INST |b LESVOS |h 302.201 GRI cdrom | ||
| 853 | |a INST |b RHODES |h 302.201 GRI | ||
| 901 | |a BIBL1-2007-3 | ||
| 901 | |a BIBL4-2011-3 | ||
| 920 | |a ΔΙΔΑΣΚΑΛΕΙΟ ΤΕΠΑΕΣ |b "ΚΩΝΣΤΑΝΤΙΝΟΣ ΚΑΡΑΘΕΟΔΩΡΗ" |y ΡΟΔΟΣ |z 2011-10 | ||
| 922 | |a 1ΕΛΗ |b 200711 |c ΕΠΕΑΕΚ2/ΤΠ |d ΕΛΕΥΘΕΡΟΥΔΑΚΗΣ | ||
| 970 | |a ΚΑΡΑ |b ΓΙΑΣΕΜΗ |z 2007/12/03 | ||
| 970 | |z 2011/10/26 | ||